000 00670nam a22002297a 4500
001 576458
003 OSt
005 20140310182232.0
008 890627s1983 enk 000 0 eng
010 _a 89871088
020 _a0263103293
040 _aDLC
_cDLC
_dDLC
050 0 0 _aPZ 7
_b.D685 1983
082 _aFIC D71f
_b1983
100 1 _aDonnelly, Jane.
_918238
245 1 2 _aA fierce encounter /
_cby Jane Donnelly.
260 _aLondon :
_bMills & Boon ;
_aNiagara Falls, N.Y. :
_bHarlequin Reader Service [distributor],
_cc1983.
300 _a187 p. ;
_c19 cm.
906 _a7
_bcbc
_corignew
_du
_encip
_f19
_gy-gencatlg
942 _2lcc
_cBK-FIC
999 _c10921
_d10921